Digital Textile Design /

Digital Textile Design covers everything students and practitioners of textile design will need to learn about designing and printing digitally. Textile designers are beginning to realize the creative potential of digital textile design and are fast catching up with graphic designers who have taken...

Full description

Bibliographic Details
Main Authors: Bowles, Melanie (Author), Isaac, Ceri (Author)
Corporate Author: Safari, an O'Reilly Media Company
Format: eBook
Language:English
Published: Laurence King, 2009.
Edition:1st edition.
Subjects:
Online Access:Connect to this electronic resource

MARC

Tag First Indicator Second Indicator Subfields
LEADER 00000uam a2200000 a 4500
001 in00004128564
005 20260129164155.7
006 m o d
007 cr cn
008 090513s2009 xx o eng
020 |z 9781856695862 
020 |z 1856695867 
035 |a (CaSebORM)9781856695862 
040 |d UtOrBLW 
041 0 |a eng 
100 1 |a Bowles, Melanie,  |e author.  |0 http://id.loc.gov/authorities/names/no2008132094 
245 1 0 |a Digital Textile Design /  |c Bowles, Melanie. 
250 |a 1st edition. 
264 1 |b Laurence King,  |c 2009. 
300 |a 1 online resource (192 pages) 
336 |a text  |b txt  |2 rdacontent 
337 |a computer  |b c  |2 rdamedia 
338 |a online resource  |b cr  |2 rdacarrier 
347 |a text file 
520 |a Digital Textile Design covers everything students and practitioners of textile design will need to learn about designing and printing digitally. Textile designers are beginning to realize the creative potential of digital textile design and are fast catching up with graphic designers who have taken to working digitally. New digital textile-printing technology is enabling designers to work with an almost unlimited palette of colors to produce work of staggering detail in relatively short timescales. Written specifically for textile designers, Digital Textile Design provides the know-how for students and professionals who wish to use Adobe Photoshop and Illustrator as design tools. A series of inspirational tutorials, presented in step-by-step format, guide the reader through the process of creating designs that will be suited to both the traditional textile production process, and to the new industry of digital printing onto fabric. Against the backdrop of the development of digital print, the book discusses how designers can access this new technique, looks at the work of those currently exploring its possibilities, and also features the craft of embellishment that is being used to offset the apparent flatness of print. 
533 |a Electronic reproduction.  |b Boston, MA :  |c Safari,  |n Available via World Wide Web.  |d 2009. 
538 |a Mode of access: World Wide Web. 
542 |f Copyright © 2009 Melianie Bowles and Ceri Isaac  |g 2009 
588 |a Online resource; Title from title page (viewed May 1, 2009) 
500 |a Electronic resource. 
655 7 |a Electronic books.  |2 local 
700 1 |a Isaac, Ceri,  |e author.  |0 http://id.loc.gov/authorities/names/no2009110943 
710 2 |a Safari, an O'Reilly Media Company. 
856 4 0 |u https://proxy.library.tamu.edu/login?url=https://go.oreilly.com/TAMU/library/view/-/9781856695862/?ar  |z Connect to this electronic resource  |t 0 
999 f f |s 8ed05ab2-00bb-3983-86e0-9b30552c2626  |i f5c43e2b-d4a9-3211-9210-6c87f2945c16  |t 0 
952 f f |a Texas A&M University  |b College Station  |c Electronic Resources  |s www_evans  |d Available Online  |t 0  |h No information provided 
998 f f |t 0  |l Available Online